000 00735nam a2200217 a 4500
001 55357
003 BD-RjUL
005 20211209080243.0
008 161116s1983 bg ||||| |||| 00| 0 ben d
020 _c: TK 15.00
035 _a(BD-RjUL)55479
040 _aBD-RjUL
_bben
_cBD-RjUL
041 _aben
082 _223
_a954.9204
_bVAS 1983
245 0 0 _aভাষা আন্দোলনের ইতিহাস কয়েকটি দলিল /
260 _aঢাকা :
_bবাংলা একাডেমী,
_c১৯৮৩
300 _a৭০ পৃ. ;
_c২১ সেমি .
651 _aবাংলাদেশ
_xইতিহাস
_9164906
651 _aBangladesh
_xHistory
_9164907
942 _2ddc
_cBK
999 _c55357
_d55357